00708nam a2200193 a 450000100100000000500170001000800410002704000250006824500820009326000400017530000280021549000420024365000360028565000220032165000250034370000240036895201050039299900170049700003633720251017104247.0120113s1983 sp a 000 0 spa d aDO-SdBNPbspacBNPHU00aAnálisis transaccional :bmodelo y aplicaciones /cJ. M. Roman ...[et al.]. aBarcelona :bEdiciones CEAC,c1983. a448 p. :bil. ;c25 cm.0 aColección educación y enseñanza20aAnálisis transaccional 9309820aPsicología915224aPsiquiatría9182341 aRoman, J. M.962505 001050718MOaGRbGRcCTd2012-01-13iLF1l0o p36338-10r2020-06-25w2020-06-25y1ZNo se presta c35828d35828